| 000 | 01451nam a2200337 c 4500 | ||
|---|---|---|---|
| 003 | BLK | ||
| 005 | 20180420213634.0 | ||
| 008 | 180412b bul|||||r ||||||| ||bul|| | ||
| 010 | _aKNG00004215000 | ||
| 040 | _aBLK | ||
| 041 |
_aBUL _cBUL |
||
| 080 |
_aФинансово право. Търговско дело. Митническо право. Данъчно право. Инвестиционни фондове. Борси, търговски посредници, банково дело, кредит, закупуване и др. _b347.73 _x(497.2) _z347.73(497.2) |
||
| 100 | 1 |
_aКучев, Страшимир Иванов _eпърви автор _9246874 |
|
| 139 |
_aКучев, Страшимир Иванов _bК 94 |
||
| 245 | 1 | 0 |
_aФинансово право _bОбща част _cСтрашимир Иванов Кучев. |
| 250 | _a2. прераб. и доп. изд. | ||
| 257 | _aBGR | ||
| 260 |
_аВарна _bТедИна _c1994 |
||
| 300 |
_a256 с. _c20 см |
||
| 380 | _a3 | ||
| 500 | _a1. изд. 1983 [деп. 1985] изд. на СУ Климент Охридски. - 5 030 тир. | ||
| 650 | 4 |
_aФинансово право - България _9246875 |
|
| 653 | _aправо | ||
| 653 | _aфинансово право | ||
| 653 | _aБългария | ||
| 852 | _aЦб 176133 | ||
| 856 | 4 |
_qpdf _u |
|
| 856 | 4 |
_qpdf _u |
|
| 942 |
_cKNG _n0 |
||
| 944 |
_aCR _c15.01.2003 _kГеновева_Генчева |
||
| 944 |
_aED _c15.01.2007 _k |
||
| 999 |
_c3154 _d3154 |
||